000 00520nam a2200181Ia 4500
008 090123s9999 xx 000 0 und d
082 _b1113
100 _aकर्वे इरावती
245 _aपरिपूर्ती
250 _a5
260 _bदेशमुख रा.ज.
300 _a153
600 _aकर्वे इरावती
630 _aपरिपूर्ती
700 _aकर्वे इरावती
730 _aपरिपूर्ती
942 _cBOOK
999 _c39197
_d39197